Statistics for Countries By Descriptions #3

Click here to take the quiz!

General Stats

  • This quiz has been taken 22 times
  • The average score is 10 of 10

Answer Stats

DescriptionCountry% Correct
Southern South America, bordering the South Atlantic Ocean, between Chile and UruguayArgentina
100%
Eastern Europe, east of PolandBelarus
100%
Central America, bordering both the Caribbean Sea and the North Pacific Ocean, between Nicaragua and PanamaCosta Rica
100%
Southeastern Europe, bordering the Adriatic Sea, between Bosnia and Herzegovina and SloveniaCroatia
100%
Caribbean, island between the Caribbean Sea and the North Atlantic Ocean, 150 km south of Key West, Florida. Capital HavanaCuba
100%
Island nation in the Mediterranean Sea, south of TurkeyCyprus
100%
Central Europe, surrounded by Germany, Poland, Slovakia, and AustriaCzech Republic
100%
Western Africa, between Nigeria and TogoBenin
91%
Southeastern Europe, bordering the Adriatic Sea between Croatia and MontenegroBosnia and Herzegovina
91%
Southeast Asian nation occupying half the island of Timor. Capital, Dili,East Timor
86%

Score Distribution

Percentile by Number Answered

Percent of People with Each Score

Your Score History

You have not taken this quiz